Secularización (Record no. 140068)

MARC details
000 -LEADER
campo de control de longitud fija 00607nam a2200193 4500
001 - NÚMERO DE CONTROL
campo de control 140068
003 - IDENTIFICADOR DE NÚMERO DE CONTROL
campo de control ES-MaACL
005 - FECHA Y HORA DE LA ÚLTIMA TRANSACCIÓN
campo de control 20230906200010.0
007 - CAMPO FIJO DE DESCRIPCIÓN FÍSICA--INFORMACIÓN GENERAL
campo de control de longitud fija t|
008 - DATOS DE LONGITUD FIJA--INFORMACIÓN GENERAL
campo de control de longitud fija 070214s1997 sp r ||||1| spa d
110 2# - ENTRADA PRINCIPAL--NOMBRE DE ENTIDAD CORPORATIVA
Nombre de entidad corporativa o nombre de jurisdicción como elemento de entrada Equipo Mundo Mejor.
9 (RLIN) 3495
245 10 - MENCIÓN DEL TÍTULO
Título Secularización
Resto del título : riesgo y promesa /
Mención de responsabilidad, etc. Equipo `Mundo Mejor`.
260 ## - PUBLICACIÓN, DISTRIBUCIÓN, ETC.
Lugar de publicación, distribución, etc. Madrid :
Nombre del editor, distribuidor, etc. Propaganda Popular Católica,
Fecha de publicación, distribución, etc. 1971 (
Fabricante Marsiega)
300 ## - DESCRIPCIÓN FÍSICA
Extensión 154 p. ;
Dimensiones 19 cm.
490 1# - MENCIÓN DE SERIE
Mención de serie Col. de pastoral aplicada ;
Designación de volumen o secuencia 74
830 0# - PUNTO DE ACCESO ADICIONAL DE SERIE-TÍTULO UNIFORME
Título uniforme Col. de pastoral aplicada ;
Designación de volumen o secuencia 74
9 (RLIN) 187165
852 ## - LOCALIZACIÓN
Ubicación ES-MaACL
Número de control de estantería C-50564
Sublocalización o colección R.80250
Holdings
Estatus retirado Estado de pérdida Estado de daño No para préstamo Biblioteca de origen Biblioteca actual Ubicación en estantería Fecha de adquisición Fuente de adquisición Total de préstamos Signatura topográfica completa Código de barras Visto por última vez Precio de reemplazo Tipo de ítem Koha
        Biblioteca del Ateneo de Madrid Biblioteca del Ateneo de Madrid Depósito 2 17/01/2008     C-50564 1145760 23/02/2023 23/02/2023 Libro impreso